Đại số, tập 3

Shranjeno v:
Bibliografske podrobnosti
Format: Knjiga
Oznake: Označite
Brez oznak, prvi označite!
Thư viện lưu trữ: Mạng thư viện Đại học Đà Nẵng
LEADER 00393nam a22001691a 4500
001 000040173
003 16468
005 20160412022852.0
008 160412s0 000
082 |a 4N(TK)1715 
245 |a Đại số, tập 3 
OWN |a LNN 
999 |a From the UDN01 
TYP |a Monograph 
980 |a Mạng thư viện Đại học Đà Nẵng